Μικρές ιστορίες για μεγάλα παιδιά ως εκατό χρονώ : Γιώργη Κρόκου

Αποθηκεύτηκε σε:
Λεπτομέρειες βιβλιογραφικής εγγραφής
Κύριος συγγραφέας: Κρόκος, Γιώργης Ιακ., 1916-1997
Μορφή: Βιβλίο
Γλώσσα:Greek
Δημοσίευση: Αθήνα : [χ.ό.], 1979
Θέματα:
Ετικέτες: Προσθήκη ετικέτας
Δεν υπάρχουν, Καταχωρήστε ετικέτα πρώτοι!

MARC

LEADER 00000cam a2200000 i 4500
001 1/37625
008 131024s1979 gre d
035 |l 10115868 
040 |a GR-MY-UA  |b gre  |e aacr 
041 0 |a gre 
082 0 |a 889.02  |2 (22) 
100 1 |a Κρόκος, Γιώργης Ιακ.,   |d 1916-1997. 
245 1 0 |a Μικρές ιστορίες για μεγάλα παιδιά ως εκατό χρονώ :  |b Γιώργη Κρόκου 
260 |a Αθήνα :   |b [χ.ό.],   |c 1979 
300 |a 47 εκ.;  |c 24 εκ. 
650 0 0 |a Greek literature. 
852 |a INST  |b CHIOS  |e 20131024  |h 889.02 ΚΡΟ  |p 005200037161  |q 005200037161  |t BK  |y 0 
901 |a BIBL2-2013-3 
970 |a ΣΠΕΝΤΖΑ  |b ΕΛΕΝΗ  |z 2013/10/14